000 01134nam a22002535i 4500
001 159227
003 ES-MaACL
005 20230906211512.0
008 940202s1847 sp |||| | spa d
040 _aCAM
_bspa
080 _a348.711.4(460)
100 1 _aMayáns y Siscar, Gregorio.
_979333
245 1 0 _aObservaciones legales, históricas y críticas sobre el Concordato celebrado entre Benedicto XIV y el rey católico D. Fernando VI en 20 de febrero de 1753 uno de los principales que rigen hoy las relaciones entre el Estado y la Iglesia /
_cpor Gregorio Mayans y Siscar.
260 _aMadrid :
_b[s.n.],
_c1847 (
_fEstablecimiento Tipográfico de Ramón Rodríguez de Rivera)
300 _a284 p. ;
_c22 cm.
490 1 _aBiblioteca de Jurisprudencia y Legislación
597 _aEncuadernado con otra obra.
650 4 _aConcordatos-
_zEspaña-
_yS.XVIII.
_9140388
650 4 _aIglesia y Estado-
_zEspaña-
_yS.XVIII.
_9140389
830 0 _aBiblioteca de Jurisprudencia y Legislación
_9187709
852 _aES-MaACL
_jC-3439(1)
_z-- Enc. hol.
852 _aES-MaACL
_jE-13123(1)
_z-- Enc. hol.
999 _c159227
_d159227